[Event "Avoine op 26th"]
[Site "Avoine"]
[Date "2011.07.29"]
[Round "7"]
[White "Salles, Louis"]
[Black "Daubert, Cedric"]
[Result "1-0"]
[WhiteElo "2020"]
[BlackElo "1828"]
[PlyCount "73"]
[EventDate "2011.07.23"]
[EventType "swiss"]
[EventRounds "9"]
[EventCountry "FRA"]
[SourceTitle "EXT 2012"]
[Source "ChessBase"]
[SourceDate "2011.11.24"]
[SourceVersion "1"]
[SourceVersionDate "2011.11.24"]
[SourceQuality "1"]

1. e4 d6 2. d4 g6 3. Nc3 Bg7 4. f4 Nc6 5. d5 Nd4 6. Be3 c5 7. dxc6 Nxc6 8. Nf3 Nf6 9. h3 0-0 10. Bd3 Bd7 11. 0-0 Bh6 12. Qe1 Bg7 13. Qh4 e6 14. f5 Nh5 15. g4 Qxh4 16. Nxh4 Bf6 17. Ng2 Ng7 18. Bf4 Bd4+ 19. Kh1 e5 20. Bh6 f6 21. fxg6 hxg6 22. Nd5 Be6 23. Nc7 Rfe8 24. Nxa8 Rxa8 25. c3 Bb6 26. Rxf6 Re8 27. Raf1 Kh7 28. Bxg7 Kxg7 29. Kh2 a6 30. b3 Bd8 31. R6f3 Nb8 32. Ne3 b5 33. a4 Bxb3 34. axb5 a5 35. Bc4 Bxc4 36. Nxc4 Bc7 37. Rf7+ 1-0

[Event "Avoine op 23rd"]
[Site "Avoine"]
[Date "2008.07.24"]
[Round "6"]
[White "Daubert, Cedric"]
[Black "Menager, Erwan"]
[Result "1/2-1/2"]
[WhiteElo "1802"]
[BlackElo "2132"]
[PlyCount "46"]
[EventDate "2008.07.19"]
[EventType "swiss"]
[EventRounds "9"]
[EventCountry "FRA"]
[SourceTitle "CBM 125 Extra"]
[Source "ChessBase"]
[SourceDate "2008.09.01"]
[SourceVersion "1"]
[SourceVersionDate "2008.09.01"]
[SourceQuality "1"]

1. e4 c5 2. Nc3 Nc6 3. g3 g6 4. Bg2 Bg7 5. f4 d6 6. d3 e6 7. Nf3 Nge7 8. Be3 Nd4 9. Qd2 Rb8 10. Nd1 b5 11. c3 Nxf3+ 12. Bxf3 0-0 13. g4 f5 14. gxf5 exf5 15. Qg2 b4 16. h4 Ba6 17. c4 Qd7 18. h5 Bb7 19. hxg6 hxg6 20. Rg1 Qe6 21. Rc1 Kf7 22. Rc2 Qd7 23. exf5 Bxf3 1/2-1/2